2M+ First-Level Subdivisions of the World With a Map - Statistics

General Stats
  • This quiz has been taken 23 times
  • The average score is 314 of 684
Answers on the Map
Answers color-coded by a green-red scale on the quiz's map according to % correct below.
 
Answer Stats
Country Type Subdivision % Correct
United Kingdom 2021 C Country England
88%
United Kingdom 2021 C Country Scotland
88%
Italy 2025 E Region Sicily
88%
United Kingdom 2021 C Country Wales
88%
Spain 2024 Ev Community Madrid
82%
Haiti 2009 E Department Ouest
82%
Nepal 2021 C Province Sudurpashchim
82%
Cameroon 2015 P Region West
82%
Ghana 2021 C Region Western
82%
Rwanda 2022 C Province Western
82%
Sri Lanka 2024 C Province Western
82%
Germany 2024 E State Baden-Württemberg
76%
Spain 2024 Ev Community Catalonia
76%
Ghana 2021 C Region Eastern
76%
Rwanda 2022 C Province Eastern
76%
Zambia 2022 C Province Eastern
76%
Saudi Arabia 2022 C Region Eastern Province
76%
Burkina Faso 2024 P Region Est
76%
Afghanistan 2020 P Province Kabul
76%
Ukraine 2022 E City Kiev
76%
Portugal 2021 C District Lisbon
76%
Russia 2024 E City Moscow
76%
Russia 2024 E Region Moscow
76%
South Africa 2022 C Province Mpumalanga
76%
New Zealand 2022 E Country New Zealand
76%
Cameroon 2015 P Region North
76%
Ghana 2021 C Region Northern
76%
Malawi 2023 P Region Northern
76%
Rwanda 2022 C Province Northern
76%
Morocco 2024 C Region Oriental
76%
Malawi 2023 P Region Southern
76%
Rwanda 2022 C Province Southern
76%
Sri Lanka 2024 C Province Southern
76%
Zambia 2022 C Province Southern
76%
Ethiopia 2022 P Region Southern Nations, Nationalities, and Peoples' Region
76%
Kazakhstan 2023 E Region Turkistan
76%
Italy 2025 E Region Tuscany
76%
Australia 2024 E State Western Australia
76%
Canada 2024 E Province Alberta
71%
Syria 2021 E Governorate Aleppo
71%
Spain 2024 Ev Community Andalusia
71%
Iraq 2018 E Province Baghdad
71%
Mexico 2020 C State Baja California
71%
Germany 2024 E State Bavaria
71%
China 2020 C Municipality Beijing
71%
Germany 2024 E State Berlin
71%
Germany 2024 E State Brandenburg
71%
France 2022 E Region Brittany
71%
Argentina 2022 C City Buenos Aires
71%
Argentina 2022 C Province Buenos Aires
71%
Egypt 2023 E Governorate Cairo
71%
Spain 2024 Ev Community Castile and León
71%
Bosnia and Herzegovina 2022 E Division Federation of Bosnia and Herzegovina
71%
Belgium 2025 E Region Flanders
71%
Spain 2024 Ev Community Galicia
71%
South Africa 2022 C Province Gauteng
71%
Guatemala 2018 C Department Guatemala
71%
Vietnam 2019 C Municipality Hà Nội
71%
China 2020 C Special Region Hong Kong
71%
Pakistan 2023 C Territory Islamabad Capital Territory
71%
Saudi Arabia 2022 C Region Makkah
71%
Mexico 2020 C State México
71%
Mexico 2020 C District Mexico City
71%
Netherlands 2025 E Country Netherlands
71%
Australia 2024 E State New South Wales
71%
Canada 2024 E Province Ontario
71%
Australia 2024 E State Queensland
71%
Morocco 2024 C Region Rabat-Salé-Kénitra
71%
Brazil 2024 E State Rio de Janeiro
71%
Myanmar 2024 C State Shan
71%
China 2020 C Municipality Shanghai
71%
Taiwan 2020 C Municipality Taipei
71%
Iran 2023 P Province Tehran
71%
Spain 2024 Ev Community Valencia
71%
Australia 2024 E State Victoria
71%
Belgium 2025 E Region Wallonia
71%
United Arab Emirates 2023 E Emirate Abu Dhabi
65%
Egypt 2023 E Governorate Alexandria
65%
Kazakhstan 2023 E City Almaty
65%
Kazakhstan 2023 E Region Almaty
65%
Turkey 2022 E Province Ankara
65%
United States 2024 E State Arizona
65%
United States 2024 E State Arkansas
65%
Azerbaijan 2019 C City Baku
65%
Thailand 2019 P Area Bangkok
65%
Spain 2024 Ev Community Basque
65%
Canada 2024 E Province British Columbia
65%
South Korea 2020 C Province Busan
65%
United States 2024 E State California
65%
Colombia 2023 P District Capital District
65%
Venezuela 2019 P District Capital District
65%
Spain 2024 Ev Community Castilla-La Mancha
65%
Ghana 2021 C Region Central
65%
Israel 2021 E District Central
65%
Malawi 2023 P Region Central
65%
Sri Lanka 2024 C Province Central
65%
Zambia 2022 C Province Central
65%
Burkina Faso 2024 P Region Centre
65%
Cameroon 2015 P Region Centre
65%
China 2020 C Municipality Chongqing
65%
United States 2024 E State Colorado
65%
Tanzania 2022 C Region Dar es Salaam
65%
Tajikistan 2022 E Region Districts under Central Government Jurisdiction
65%
United Arab Emirates 2023 E Emirate Dubai
65%
Morocco 2024 C Region Fès-Meknès
65%
United States 2024 E State Florida
65%
United States 2024 E State Georgia
65%
China 2020 C Province Hainan
65%
Vietnam 2019 C Municipality Hồ Chí Minh
65%
Germany 2024 E State Hesse
65%
China 2020 C Province Hubei
65%
United States 2024 E State Idaho
65%
France 2022 E Region Île-de-France
65%
United States 2024 E State Illinois
65%
Iran 2023 P Province Isfahan
65%
Turkey 2022 E Province Istanbul
65%
Turkey 2022 E Province İzmir
65%
United States 2024 E State Kansas
65%
Ukraine 2022 E Region Kharkiv
65%
Bolivia 2024 C Department La Paz
65%
Italy 2025 E Region Lazio
65%
Peru 2022 P Province Lima
65%
Poland 2023 E Province Łódź
65%
Italy 2025 E Region Lombardy
65%
United States 2024 E State Louisiana
65%
United States 2024 E State Massachusetts
65%
United States 2024 E State Michigan
65%
United States 2024 E State Minnesota
65%
United States 2024 E State Nevada
65%
United States 2024 E State New Jersey
65%
United States 2024 E State New Mexico
65%
United States 2024 E State New York
65%
France 2022 E Region Normandy
65%
United States 2024 E State North Carolina
65%
Germany 2024 E State North Rhine-Westphalia
65%
Ukraine 2022 E Region Odessa
65%
United States 2024 E State Oklahoma
65%
United States 2024 E State Oregon
65%
Indonesia 2020 C Province Papua
65%
United States 2024 E State Pennsylvania
65%
Poland 2023 E Province Pomerania
65%
France 2022 E Region Provence-Alpes-Côte d'Azur
65%
Nepal 2021 C Province Province No. 1
65%
Canada 2024 E Province Quebec
65%
Germany 2024 E State Rhineland-Palatinate
65%
Saudi Arabia 2022 C Region Riyadh
65%
Russia 2024 E City Saint Petersburg
65%
Brazil 2024 E State São Paulo
65%
Germany 2024 E State Saxony
65%
Germany 2024 E State Saxony-Anhalt
65%
Germany 2024 E State Schleswig-Holstein
65%
Poland 2023 E Province Silesia
65%
Mexico 2020 C State Sonora
65%
Morocco 2024 C Region Souss-Massa
65%
United States 2024 E State South Carolina
65%
Sweden 2024 E County Stockholm
65%
Uzbekistan 2025 E City Tashkent
65%
Uzbekistan 2025 E Region Tashkent
65%
United States 2024 E State Texas
65%
China 2020 C Region Tibet
65%
United States 2024 E State Utah
65%
United States 2024 E State Virginia
65%
United States 2024 E State Washington
65%
India 2023 P State West Bengal
65%
Mexico 2020 C State Yucatán
65%
Ethiopia 2022 P City Addis Ababa
59%
United States 2024 E State Alabama
59%
Algeria 2008 C Province Algiers
59%
Brazil 2024 E State Amazonas
59%
Jordan 2021 E Governorate Amman
59%
China 2020 C Province Anhui
59%
Italy 2025 E Region Apulia
59%
India 2023 P State Assam
59%
Greece 2021 C Administration Attica
59%
Indonesia 2020 C Province Bali
59%
Pakistan 2023 C Province Balochistan
59%
Mali 2022 C District Bamako
59%
Somalia 2019 Cn Region Banaadir
59%
Iraq 2018 E Province Basra
59%
France 2022 E Region Bourgogne-Franche-Comté
59%
Republic of the Congo 2023 C Department Brazzaville
59%
Turkey 2022 E Province Bursa
59%
Morocco 2024 C Region Casablanca-Settat
59%
Mexico 2020 C State Chiapas
59%
Mexico 2020 C State Chihuahua
59%
Bangladesh 2022 C Division Chittagong
59%
United States 2024 E State Connecticut
59%
Russia 2024 E Republic Dagestan
59%
Syria 2021 E Governorate Damascus
59%
India 2023 P Territory Delhi
59%
Bangladesh 2022 C Division Dhaka
59%
Ukraine 2022 E Region Dnipropetrovsk
59%
Tanzania 2022 C Region Dodoma
59%
Ukraine 2022 E Region Donetsk
59%
Brazil 2024 E District Federal District
59%
China 2020 C Province Fujian
59%
Japan 2024 E Prefecture Fukuoka
59%
China 2020 C Province Gansu
59%
Egypt 2023 E Governorate Giza
59%
France 2022 E Region Grand Est
59%
Poland 2023 E Province Greater Poland
59%
China 2020 C Province Guangdong
59%
China 2020 C Region Guangxi
59%
Zimbabwe 2022 C Province Harare
59%
China 2020 C Province Hebei
59%
China 2020 C Province Heilongjiang
59%
China 2020 C Province Henan
59%
Afghanistan 2020 P Province Herat
59%
Japan 2024 E Prefecture Hiroshima
59%
Japan 2024 E Prefecture Hokkaido
59%
China 2020 C Province Hunan
59%
United States 2024 E State Indiana
59%
China 2020 C Region Inner Mongolia
59%
United States 2024 E State Iowa
59%
Nigeria 2022 P State Kano
59%
United States 2024 E State Kentucky
59%
Sudan 2018 P State Khartoum
59%
Pakistan 2023 C Province Khyber Pakhtunkhwa
59%
Nigeria 2022 P State Lagos
59%
Poland 2023 E Province Lesser Poland
59%
Germany 2024 E State Lower Saxony
59%
Angola 2022 P Province Luanda
59%
Ukraine 2022 E Region Lviv
59%
Greece 2021 C Administration Macedonia and Thrace
59%
Morocco 2024 C Region Marrakesh-Safi
59%
United States 2024 E State Maryland
59%
United States 2024 E State Mississippi
59%
United States 2024 E State Missouri
59%
Kenya 2023 P County Nairobi
59%
Philippines 2020 C Region National Capital
59%
United States 2024 E State Nebraska
59%
Taiwan 2020 C Municipality New Taipei
59%
China 2020 C Region Ningxia
59%
Russia 2024 E Region Nizhny Novgorod
59%
Cameroon 2015 P Region Northwest
59%
South Africa 2022 C Province North West
59%
Sri Lanka 2024 C Province North Western
59%
Russia 2024 E Region Novosibirsk
59%
Mexico 2020 C State Oaxaca
59%
France 2022 E Region Occitanie
59%
United States 2024 E State Ohio
59%
Japan 2024 E Prefecture Osaka
59%
France 2022 E Region Pays de la Loire
59%
Mexico 2020 C State Puebla
59%
United States 2020 C Territory Puerto Rico
59%
India 2023 P State Punjab
59%
Pakistan 2023 C Province Punjab
59%
North Korea 2008 C Direct-administered City Pyongyang
59%
China 2020 C Province Qinghai
59%
Syria 2021 E Governorate Rif Dimashq
59%
Russia 2024 E Region Samara
59%
Turkey 2022 E Province Şanlıurfa
59%
Chile 2024 C Region Santiago
59%
Malaysia 2023 E State Sarawak
59%
South Korea 2020 C Province Seoul
59%
China 2020 C Province Shaanxi
59%
China 2020 C Province Shandong
59%
China 2020 C Province Shanxi
59%
China 2020 C Province Sichuan
59%
Pakistan 2023 C Province Sindh
59%
Iran 2023 P Province Sistan and Baluchestan
59%
Ethiopia 2022 P Region Somali
59%
Somalia 2019 Cn State Somaliland
59%
Cameroon 2015 P Region Southwest
59%
Somalia 2019 Cn State South West
59%
Ethiopia 2022 P Region South West Ethiopia Peoples' Region
59%
Indonesia 2020 C Province Special Capital Region of Jakarta
59%
United States 2024 E State Tennessee
59%
Germany 2024 E State Thuringia
59%
China 2020 C Municipality Tianjin
59%
Italy 2025 E Region Veneto
59%
Mexico 2020 C State Veracruz
59%
Russia 2024 E Region Volgograd
59%
United States 2024 E State Wisconsin
59%
China 2020 C Region Xinjiang Uyghur
59%
Myanmar 2024 C Region Yangon
59%
China 2020 C Province Yunnan
59%
Turkey 2022 E Province Antalya
53%
Pakistan 2017 C Territory Azad Jammu and Kashmir
53%
Italy 2025 E Region Campania
53%
Indonesia 2020 C Province Central Java
53%
Argentina 2022 C Province Córdoba
53%
Senegal 2023 C Region Dakar
53%
Indonesia 2020 C Province East Java
53%
Italy 2025 E Region Emilia-Romagna
53%
Nigeria 2022 P Territory Federal Capital Territory
53%
India 2023 P State Gujarat
53%
France 2022 E Region Hauts-de-France
53%
Russia 2024 E Region Irkutsk
53%
India 2023 P Territory Jammu and Kashmir
53%
China 2020 C Province Jiangsu
53%
China 2020 C Province Jilin
53%
Malaysia 2023 E State Johor
53%
Taiwan 2020 C Municipality Kaohsiung
53%
Democratic Republic of the Congo 2020 P Province Kinshasa
53%
Russia 2024 E Territory Krasnodar
53%
Russia 2024 E Territory Krasnoyarsk
53%
Japan 2024 E Prefecture Kyoto
53%
Russia 2024 E Region Leningrad
53%
China 2020 C Province Liaoning
53%
Poland 2023 E Province Lublin
53%
Myanmar 2024 C Region Mandalay
53%
Mozambique 2023 P Province Maputo
53%
Tanzania 2022 C Region Mara
53%
Brazil 2024 E State Mato Grosso
53%
France 2022 E Region Nouvelle-Aquitaine
53%
Brazil 2024 E State Pará
53%
Italy 2025 E Region Piedmont
53%
Russia 2024 E Region Rostov
53%
Mexico 2020 C State Sinaloa
53%
Indonesia 2020 C Province South Sulawesi
53%
Indonesia 2020 C Province South Sumatra
53%
Mexico 2020 C State Tabasco
53%
Taiwan 2020 C Municipality Taichung
53%
Japan 2024 E Prefecture Tokyo
53%
India 2023 P State Uttar Pradesh
53%
Austria 2025 E State Vienna
53%
Russia 2024 E Region Voronezh
53%
Indonesia 2020 C Province West Java
53%
Indonesia 2020 C Province West Sumatra
53%
China 2020 C Province Zhejiang
53%
Indonesia 2020 C Province Aceh
47%
Turkey 2022 E Province Adana
47%
Russia 2024 E Territory Altai
47%
France 2022 E Region Auvergne-Rhône-Alpes
47%
Brazil 2024 E State Bahia
47%
Russia 2024 E Republic Bashkortostan
47%
India 2023 P State Bihar
47%
Uzbekistan 2025 E Region Bukhara
47%
Spain 2024 Ev Community Canary Islands
47%
Indonesia 2020 C Province Central Sulawesi
47%
Russia 2024 E Region Chelyabinsk
47%
Bolivia 2024 C Department Cochabamba
47%
Vietnam 2019 C Municipality Đà Nẵng
47%
Turkey 2022 E Province Gaziantep
47%
China 2020 C Province Guizhou
47%
South Korea 2020 C Province Incheon
47%
China 2020 C Province Jiangxi
47%
India 2023 P State Karnataka
47%
India 2023 P State Kerala
47%
Iran 2023 P Province Khuzestan
47%
Turkey 2022 E Province Konya
47%
South Africa 2022 C Province KwaZulu-Natal
47%
Cuba 2022 E Province La Habana
47%
Poland 2023 E Province Lower Silesia
47%
Ukraine 2022 E Region Luhansk
47%
Zambia 2022 C Province Lusaka
47%
Saudi Arabia 2022 C Region Madinah
47%
Poland 2023 E Province Masovia
47%
Brazil 2024 E State Minas Gerais
47%
India 2023 P State Nagaland
47%
Indonesia 2020 C Province North Sulawesi
47%
Indonesia 2020 C Province North Sumatra
47%
Mexico 2020 C State Nuevo León
47%
India 2023 P State Odisha
47%
Russia 2024 E Territory Perm
47%
Cambodia 2019 C Province Phnom Penh
47%
India 2023 P State Rajasthan
47%
Brazil 2024 E State Rio Grande do Norte
47%
Brazil 2024 E State Rio Grande do Sul
47%
Malaysia 2023 E State Sabah
47%
Uzbekistan 2025 E Region Samarqand
47%
Bolivia 2024 C Department Santa Cruz
47%
Dominican Republic 2022 C Province Santo Domingo
47%
Russia 2024 E Region Saratov
47%
Poland 2023 E Province Subcarpathia
47%
India 2023 P State Tamil Nadu
47%
Morocco 2024 C Region Tanger-Tetouan-Al Hoceima
47%
Taiwan 2020 C Municipality Taoyuan
47%
Russia 2024 E Republic Tatarstan
47%
Ivory Coast 2021 C District Abidjan
41%
Ethiopia 2022 P Region Afar
41%
Ethiopia 2022 P Region Amhara
41%
Colombia 2023 P Department Bolívar
41%
Indonesia 2020 C Province Central Kalimantan
41%
France 2022 E Region Centre-Val de Loire
41%
India 2023 P State Chhattisgarh
41%
Japan 2024 E Prefecture Chiba
41%
Mexico 2020 C State Coahuila
41%
South Korea 2020 C Province Daegu
41%
Philippines 2020 C Region Davao
41%
South Africa 2022 C Province Eastern Cape
41%
Indonesia 2020 C Province East Kalimantan
41%
Brazil 2024 E State Espírito Santo
41%
Ghana 2021 C Region Greater Accra
41%
Japan 2024 E Prefecture Hyōgo
41%
India 2023 P State Jharkhand
41%
Uzbekistan 2025 E Republic Karakalpakstan
41%
Russia 2024 E Region Kemerovo
41%
India 2023 P State Madhya Pradesh
41%
India 2023 P State Meghalaya
41%
Argentina 2022 C Province Mendoza
41%
Japan 2024 E Prefecture Niigata
41%
Sudan 2018 P State North Darfur
41%
Ethiopia 2022 P Region Oromia
41%
Brazil 2024 E State Paraná
41%
Japan 2024 E Prefecture Saitama
41%
Japan 2024 E Prefecture Shizuoka
41%
Sudan 2018 P State South Darfur
41%
Indonesia 2020 C Province Southeast Sulawesi
41%
Indonesia 2020 C Province South Kalimantan
41%
Russia 2024 E Territory Stavropol
41%
India 2023 P State Telangana
41%
Ethiopia 2022 P Region Tigray
41%
India 2023 P State Uttarakhand
41%
South Africa 2022 C Province Western Cape
41%
Indonesia 2020 C Province West Kalimantan
41%
Sudan 2018 P State White Nile
41%
India 2023 P State Andhra Pradesh
35%
Myanmar 2024 C Region Ayeyarwady
35%
Iraq 2018 E Province Babil
35%
Myanmar 2024 C Region Bago
35%
Philippines 2020 C Region Central Luzon
35%
Iran 2023 P Province East Azerbaijan
35%
Indonesia 2020 C Province East Nusa Tenggara
35%
Uzbekistan 2025 E Region Fergana
35%
South Africa 2022 C Province Free State
35%
Burundi 2024 C Province Gitega
35%
Mexico 2020 C State Guerrero
35%
Syria 2021 E Governorate Hama
35%
India 2023 P State Haryana
35%
India 2023 P State Himachal Pradesh
35%
Vietnam 2019 C Municipality Hải Phòng
35%
Iran 2023 P Province Hormozgān
35%
Japan 2024 E Prefecture Ibaraki
35%
Jordan 2021 E Governorate Irbid
35%
Mexico 2020 C State Jalisco
35%
Myanmar 2024 C State Kachin
35%
Japan 2024 E Prefecture Kanagawa
35%
Iran 2023 P Province Kerman
35%
Bangladesh 2022 C Division Khulna
35%
Turkey 2022 E Province Kocaeli
35%
South Africa 2022 C Province Limpopo
35%
India 2023 P State Maharashtra
35%
India 2023 P State Manipur
35%
Brazil 2024 E State Mato Grosso do Sul
35%
Uzbekistan 2025 E Region Namangan
35%
Iraq 2018 E Province Nineveh
35%
Philippines 2020 C Region Northern Mindanao
35%
Nigeria 2022 P State Oyo
35%
Brazil 2024 E State Piauí
35%
Bangladesh 2022 C Division Rajshahi
35%
Myanmar 2024 C State Rakhine
35%
Iran 2023 P Province Razavi Khorasan
35%
Myanmar 2024 C Region Sagaing
35%
Mexico 2020 C State San Luis Potosí
35%
Brazil 2024 E State Santa Catarina
35%
Colombia 2023 P Department Santander
35%
Malaysia 2023 E State Selangor
35%
Philippines 2020 C Region SOCCSKSARGEN
35%
Indonesia 2020 C Province Special Region of Yogyakarta
35%
Tajikistan 2022 E Region Sughd
35%
Russia 2024 E Region Sverdlovsk
35%
Bangladesh 2022 C Division Sylhet
35%
Mexico 2020 C State Tamaulipas
35%
Iran 2023 P Province West Azerbaijan
35%
Uzbekistan 2025 E Region Xorazm
35%
Japan 2024 E Prefecture Aichi
29%
Brazil 2024 E State Alagoas
29%
Iran 2023 P Province Alborz
29%
Uzbekistan 2025 E Region Andijan
29%
Colombia 2023 P Department Antioquia
29%
Tanzania 2022 C Region Arusha
29%
Ghana 2021 C Region Ashanti
29%
Saudi Arabia 2022 C Region Asir
29%
Colombia 2023 P Department Atlántico
29%
Nepal 2021 C Province Bagmati
29%
Indonesia 2020 C Province Banten
29%
Bangladesh 2022 C Division Barisal
29%
Indonesia 2020 C Province Bengkulu
29%
Burundi 2024 C Province Bujumbura
29%
Philippines 2020 C Region Cagayan Valley
29%
Brazil 2024 E State Ceará
29%
Philippines 2020 C Region Central Visayas
29%
Vietnam 2019 C Municipality Cần Thơ
29%
Colombia 2023 P Department Cundinamarca
29%
Nigeria 2022 P State Delta
29%
Iraq 2018 E Province Dhi Qar
29%
Philippines 2020 C Region Eastern Visayas
29%
Nigeria 2022 P State Edo
29%
Iran 2023 P Province Fars
29%
Nepal 2021 C Province Gandaki
29%
Iran 2023 P Province Gilan
29%
Brazil 2024 E State Goiás
29%
Iran 2023 P Province Golestan
29%
Mexico 2020 C State Guanajuato
29%
Ecuador 2022 C Province Guayas
29%
South Korea 2020 C Province Gyeonggi
29%
Mexico 2020 C State Hidalgo
29%
Angola 2022 P Province Huíla
29%
Yemen 2004 C Province Ibb
29%
Indonesia 2020 C Province Jambi
29%
Malaysia 2023 E State Kedah
29%
Iran 2023 P Province Kermanshah
29%
Tajikistan 2022 E Region Khatlon
29%
Peru 2022 P Departament La Libertad
29%
Indonesia 2020 C Province Lampung
29%
Cameroon 2015 P Region Littoral
29%
Nepal 2021 C Province Lumbini
29%
Nepal 2021 C Province Madhesh
29%
Myanmar 2024 C Region Magway
29%
Brazil 2024 E State Maranhão
29%
Iran 2023 P Province Mazandaran
29%
Mexico 2020 C State Michoacán
29%
Japan 2024 E Prefecture Miyagi
29%
Philippines 2020 C Autonomous Region Muslim Mindanao
29%
Bangladesh 2022 C Division Mymensingh
29%
Thailand 2019 P Province Nakhon Ratchasima
29%
Nigeria 2022 P State Niger
29%
South Korea 2020 C Province North Gyeongsang
29%
North Korea 2008 C Province North Hwanghae
29%
Sudan 2018 P State North Kordofan
29%
North Korea 2008 C Province North Pyongan
29%
Brazil 2024 E State Paraíba
29%
Malaysia 2023 E State Perak
29%
Brazil 2024 E State Pernambuco
29%
Ecuador 2022 C Province Pichincha
29%
Peru 2022 P Departament Piura
29%
Tanzania 2022 C Region Pwani
29%
Uzbekistan 2025 E Region Qashqadaryo
29%
Mexico 2020 C State Querétaro
29%
Bangladesh 2022 C Division Rangpur
29%
Indonesia 2020 C Province Riau
29%
Indonesia 2020 C Province Riau Islands
29%
Argentina 2022 C Province Santa Fe
29%
Brazil 2024 E State Sergipe
29%
Nigeria 2022 P State Sokoto
29%
South Korea 2020 C Province South Chungcheong
29%
South Korea 2020 C Province South Gyeongsang
29%
North Korea 2008 C Province South Hamgyong
29%
North Korea 2008 C Province South Hwanghae
29%
North Korea 2008 C Province South Pyongan
29%
Philippines 2020 C Region Southwestern Tagalog
29%
Uzbekistan 2025 E Region Surxondaryo
29%
Yemen 2004 C Province Taiz
29%
India 2023 P State Tripura
29%
Colombia 2023 P Department Valle del Cauca
29%
Philippines 2020 C Region Western Visayas
29%
Indonesia 2020 C Province West Nusa Tenggara
29%
Philippines 2020 C Region Zamboanga Peninsula
29%
Venezuela 2019 P State Zulia
29%
Nigeria 2022 P State Abia
24%
Nigeria 2022 P State Adamawa
24%
Yemen 2004 C Province Al Hudaydah
24%
Sudan 2018 P State Al Qadarif
24%
Nigeria 2022 P State Anambra
24%
Egypt 2023 E Governorate Asyut
24%
Nigeria 2022 P State Bauchi
24%
Nigeria 2022 P State Bayelsa
24%
Angola 2022 P Province Benguela
24%
Morocco 2024 C Region Béni Mellal-Khénifra
24%
Egypt 2023 E Governorate Beni Suef
24%
Nigeria 2022 P State Benue
24%
Philippines 2020 C Region Bicol
24%
Nigeria 2022 P State Borno
24%
Mozambique 2023 P Province Cabo Delgado
24%
Vietnam 2019 C Province Cà Mau
24%
Venezuela 2019 P State Carabobo
24%
Philippines 2020 C Region Caraga
24%
Zambia 2022 C Province Copperbelt
24%
Nigeria 2022 P State Cross River
24%
Angola 2022 P Province Cuanza Sul
24%
Senegal 2023 C Region Diourbel
24%
Niger 2020 P Region Dosso
24%
Nigeria 2022 P State Ebonyi
24%
Nigeria 2022 P State Ekiti
24%
Nigeria 2022 P State Enugu
24%
Egypt 2023 E Governorate Faiyum
24%
Tanzania 2022 C Region Geita
24%
Sudan 2018 P State Gezira
24%
Democratic Republic of the Congo 2020 P Province Haut-Lomami
24%
Democratic Republic of the Congo 2020 P Province Haut-Uélé
24%
Angola 2022 P Province Huambo
24%
Philippines 2020 C Region Ilocos
24%
Nigeria 2022 P State Imo
24%
Democratic Republic of the Congo 2020 P Province Ituri
24%
Nigeria 2022 P State Jigawa
24%
Nigeria 2022 P State Kaduna
24%
Tanzania 2022 C Region Kagera
24%
Democratic Republic of the Congo 2020 P Province Kasaï
24%
Democratic Republic of the Congo 2020 P Province Kasaï-Central
24%
Democratic Republic of the Congo 2020 P Province Kasaï-Oriental
24%
Sudan 2018 P State Kassala
24%
Nigeria 2022 P State Katsina
24%
Mali 2022 C Region Kayes
24%
Nigeria 2022 P State Kebbi
24%
Tanzania 2022 C Region Kigoma
24%
Nigeria 2022 P State Kogi
24%
Democratic Republic of the Congo 2020 P Province Kongo Central
24%
Mali 2022 C Region Koulikoro
24%
Democratic Republic of the Congo 2020 P Province Kwango
24%
Nigeria 2022 P State Kwara
24%
Democratic Republic of the Congo 2020 P Province Kwilu
24%
Venezuela 2019 P State Lara
24%
Democratic Republic of the Congo 2020 P Province Lomami
24%
Democratic Republic of the Congo 2020 P Province Lualaba
24%
Democratic Republic of the Congo 2020 P Province Mai-Ndombe
24%
Mozambique 2023 P Province Manica
24%
Zimbabwe 2022 C Province Manicaland
24%
Democratic Republic of the Congo 2020 P Province Maniema
24%
Niger 2020 P Region Maradi
24%
Tanzania 2022 C Region Mbeya
24%
Egypt 2023 E Governorate Minya
24%
Democratic Republic of the Congo 2020 P Province Mongala
24%
Tanzania 2022 C Region Morogoro
24%
Tanzania 2022 C Region Mwanza
24%
Kenya 2023 P County Nakuru
24%
Mozambique 2023 P Province Nampula
24%
Nigeria 2022 P State Nasarawa
24%
Mozambique 2023 P Province Niassa
24%
Vietnam 2019 C Province Ninh Bình
24%
North Korea 2008 C Province North Hamgyong
24%
Democratic Republic of the Congo 2020 P Province North Kivu
24%
Nigeria 2022 P State Ogun
24%
Nigeria 2022 P State Ondo
24%
Nigeria 2022 P State Osun
24%
Nigeria 2022 P State Plateau
24%
Egypt 2023 E Governorate Qena
24%
Nigeria 2022 P State Rivers
24%
Sri Lanka 2024 C Province Sabaragamuwa
24%
Thailand 2019 P Province Samut Prakan
24%
Democratic Republic of the Congo 2020 P Province Sankuru
24%
Mali 2022 C Region Ségou
24%
Tanzania 2022 C Region Shinyanga
24%
Mali 2022 C Region Sikasso
24%
Tanzania 2022 C Region Singida
24%
Mozambique 2023 P Province Sofala
24%
Egypt 2023 E Governorate Sohag
24%
Philippines 2020 C Region Southern Tagalog Mainland
24%
Democratic Republic of the Congo 2020 P Province South Kivu
24%
Democratic Republic of the Congo 2020 P Province Sud-Ubangi
24%
Iraq 2018 E Province Sulaymaniyah
24%
Tanzania 2022 C Region Tabora
24%
Niger 2020 P Region Tahoua
24%
Tanzania 2022 C Region Tanga
24%
Democratic Republic of the Congo 2020 P Province Tanganyika
24%
Nigeria 2022 P State Taraba
24%
Mozambique 2023 P Province Tete
24%
Senegal 2023 C Region Thiès
24%
Niger 2020 P Region Tillabéri
24%
Democratic Republic of the Congo 2020 P Province Tshopo
24%
Nigeria 2022 P State Yobe
24%
Mozambique 2023 P Province Zambezia
24%
Nigeria 2022 P State Zamfara
24%
Niger 2020 P Region Zinder
24%
Nigeria 2022 P State Akwa Ibom
18%
Madagascar 2020 P Region Analamanga
18%
Vietnam 2019 C Province An Giang
18%
Egypt 2023 E Governorate Beheira
18%
Burkina Faso 2024 P Region Boucle du Mouhoun
18%
Burkina Faso 2024 P Region Centre-Nord
18%
Egypt 2023 E Governorate Dakahlia
18%
Vietnam 2019 C Province Đắk Lắk
18%
Cameroon 2015 P Region Far North
18%
Egypt 2023 E Governorate Gharbia
18%
Vietnam 2019 C Province Gia Lai
18%
Nigeria 2022 P State Gombe
18%
Democratic Republic of the Congo 2020 P Province Haut-Katanga
18%
Burkina Faso 2024 P Region Hauts-Bassins
18%
Egypt 2023 E Governorate Kafr El Sheikh
18%
Togo 2022 C Region Maritime
18%
Venezuela 2019 P State Miranda
18%
Egypt 2023 E Governorate Monufia
18%
Vietnam 2019 C Province Nghệ An
18%
Egypt 2023 E Governorate Qalyubiyya
18%
Egypt 2023 E Governorate Sharqia
18%
Ethiopia 2022 P Region Sidama
18%
Tanzania 2022 C Region Simiyu
18%
Vietnam 2019 C Province Thanh Hóa
18%
Uganda 2024 C District Wakiso
18%
Vietnam 2019 C Province Bắc Ninh
12%
Vietnam 2019 C Province Đồng Nai
12%
Vietnam 2019 C Province Đồng Tháp
12%
Vietnam 2019 C Province Hưng Yên
12%
Kenya 2023 P County Kiambu
12%
Vietnam 2019 C Province Lâm Đồng
12%
Vietnam 2019 C Province Phú Thọ
12%
Vietnam 2019 C Province Tây Ninh
12%
Vietnam 2019 C Province Vĩnh Long
12%
Burundi 2024 C Province Buhumuza
6%
Burundi 2024 C Province Burunga
6%
Burundi 2024 C Province Butanyerera
6%
Kenya 2023 P County Kakamega
6%
Madagascar 2020 P Region Vakinankaratra
6%
No matching quizzes found
Score Distribution
Percent of People with Each Score
Percentile by Number Answered
Your Score History
You have not taken this quiz